| 000 | 00572nam a22002057a 4500 | ||
|---|---|---|---|
| 005 | 20251108174729.0 | ||
| 008 | 250721s2003 xx 000 0 ara d | ||
| 020 | _a272141111x | ||
| 082 | 1 | 4 | _aط/629.13/طائ |
| 245 | 1 | 0 | _aالطائرات / |
| 250 | _aط.6 | ||
| 264 | 1 |
_aبيروت : _bدار المشرق، _c2003. |
|
| 300 | _a26ص. | ||
| 490 | 0 | _aمجموعة نبيل وزينة | |
| 650 | 1 | 7 | _aالطاارات |
| 650 | 1 | 7 | _aادب الاطفال |
| 653 | _aاطفال مرحله متوسطه (6-9) سنوات | ||
| 942 |
_2ddc _cBK |
||
| 999 |
_c116557 _d116557 |
||